Normal view
MARC view
Entry Topical Term
001 - CONTROL NUMBER
- control field: 4101
003 - CONTROL NUMBER IDENTIFIER
- control field: BD-RjUL
005 - DATE AND TIME OF LATEST TRANSACTION
- control field: 20220724154312.0
008 - FIXED-LENGTH DATA ELEMENTS
- fixed length control field: 220724|| aca||aabn | a|a d
040 ## - CATALOGING SOURCE
- Original cataloging agency: BD-RjUL
- Transcribing agency: BD-RjUL
150 ## - HEADING--TOPICAL TERM
- Topical term or geographic name entry element: Populism
670 ## - SOURCE DATA FOUND
- Source citation: Work cat.: (BD-RjUL)80112: Zehndorfer, Elesa 4100, Evolution, politics and charisma : , ©2019